000 00923nam2a2200229 4500
001 rc\2832111
005 20260315045207.0
035 _a(NLR Aleph) 006990046
090 _a13572058
_c13572058
100 _a20110626d1927 u y0rusy50 ca
101 0 _arus
102 _aRU
105 _ay z |||||
200 1 _aСегодня и завтра
_eПродолжение книги того же автора "Моя жизнь и мои достижения"
210 _d1927
461 0 _1001rc\2832110
_12001#$aИнженерно-Промышленная библиотека$eБ. Серия V № XIV-10$v№ 10
_95617609
_cМосква
_d1927
_nГос. техн. изд-во
_oБ. Серия V № XIV-10
_tИнженерно-Промышленная библиотека
_v№ 10
700 1 _aФорд
_bГ.
801 0 _aRU
_bNLR
_gpsbo
801 1 _aRU
_bELAR
_2rusmarc
852 _aNLR
_j2/319
942 _cUNSPEC
980 _aNB